00980nam a2200253Ia 4500001000900000003000500009005001700014008004100031010001100072040000900083082002000092110004900112245012100161260003300282300001700315440006600332500004600398650003500444650002800479650006200507650003900569700002600608710009200634dia_1390CHAP20251023151839.0220117s1965 xx 000 0 und d a176532 cCHAP a631.55 C67 1965 aMéxico. Centro Regional de Ayuda Técnica aCosechas : la agricultura como fuente de vida /c Centro Regional de Ayuda Técnica ; traducción Carlos Lomelí aMéxico :b Herrero,c1965 axix, 1218 p. aYearbook of agriculture (Washington, D.C. : 1926) ; 1950-1951 aTítulo original: Crops in peace and war aAgriculturaxInvestigación  aAgriculturexResearch  aInvestigación industrialxEstados Unidos de América  aReseach, industrialxUnited States aLomelí, Carlos, tr. aCentro Regional de Ayuda Técnica, Agencia para el Desarrollo Internacional (México)